Menerobos sempadan diri

Bibliographic Details
Main Author: Mohd Fadzilah Kamsah
Other Authors: Hj. Muhammad Zakaria, Zizi Azlinda Mohd. Yusof
Format: Book
Published: Kuala Lumpur : Jasmin Enterprise , 2005
Subjects:

MARC

LEADER 00000cam a2200000 7i4500
001 0000022242
005 20150201.0
008 080726
020 |a 9833494218 
090 0 0 |a 158.1   |b MOH 
100 0 |a Mohd Fadzilah Kamsah 
245 1 0 |a Menerobos sempadan diri   |c Dato' Dr. Hj. Mohd Fadzilah Kamsah, Hj. Muhammad Zakaria, Zizi Azlinda Mohd. Yusof 
260 |a Kuala Lumpur :   |b Jasmin Enterprise ,   |c 2005 
650 0 |a Self-confidence 
700 0 |a Hj. Muhammad Zakaria 
700 0 |a Zizi Azlinda Mohd. Yusof 
999 |a 0000936766   |b Book   |c Adult Collection   |e Cawangan Bandar Tenggara 
999 |a 0001026332   |b Book   |c Adult Collection   |e Perbadanan Perpustakaan Awam Johor